000 00930cam a2200289 a 4500
001 424988
003 OSt
005 20231011121942.0
008 810227m19819999dcua b 001 0 eng
010 _a 81001648
020 _a0912704349 (v. 1)
040 _aDLC
_cDLC
_dDLC
082 0 0 _a150 ACT 1981
100 _aEdited by Benjamin, J.R.; Ludy, T. ; Lowman,Kathleen D.
_913516
245 0 0 _aActivities Handbook for the Teaching of psychology
250 _avol i
260 _aWashington, D.C. :
_bAmerican Psychological Association,
_c1981
300 _axiii,345p;
_bill. ;
_c26-28 cm.
500 _aVols. 2-3 edited by: Vivian Parker Makosky
504 _aIncludes bibliographical references and indexes.
650 0 _aPsychology
_913290
650 0 _aBehavior analysis
_913291
906 _a7
_bcbc
_corignew
_d1
_eocip
_f19
_gy-gencatlg
942 _2ddc
_cO_SHELF
999 _c6574
_d6574